| 000 | 00393nam a2200157 4500 | ||
|---|---|---|---|
| 020 | _a9789385018121 | ||
| 082 |
_aM1 _bVIJ/P |
||
| 100 | _aVijila Chirappadu | ||
| 245 |
_aPakarthiyezhuthu/ _cby Vijila Chirappadu |
||
| 260 |
_aThiruvananthapuram: _bChintha, _c2022. |
||
| 300 | _a72p. | ||
| 650 | _aPoetry Malayalam | ||
| 650 | _aLiterature Malayalam | ||
| 650 | _aLiterature | ||
| 942 | _cBK | ||
| 999 |
_c181592 _d181592 |
||